[Event "Nuremberg Zabo op 11th"]
[Site "Nuremberg"]
[Date "2009.09.18"]
[Round "1"]
[White "Hummel, Thomas1111"]
[Black "Dennstaedt, Dario"]
[Result "1-0"]
[WhiteElo "1815"]
[BlackElo "1272"]
[PlyCount "47"]
[EventDate "2009.09.18"]
[EventType "swiss"]
[EventRounds "5"]
[EventCountry "GER"]
[SourceTitle "EXT 2012"]
[Source "ChessBase"]
[SourceDate "2011.11.24"]
[SourceVersion "1"]
[SourceVersionDate "2011.11.24"]
[SourceQuality "1"]

1. b4 e5 2. b5 d5 3. Nf3 Bd6 4. Bb2 Nd7 5. e3 b6 6. c4 dxc4 7. Bxc4 Ngf6 8. a4 Bb7 9. d3 0-0 10. e4 Qe7 11. 0-0 Rac8 12. Nc3 c5 13. a5 Rcd8 14. Bc1 h6 15. axb6 axb6 16. Ra7 Rb8 17. Nh4 Kh8 18. Nf5 Qd8 19. Nxd6 Qc7 20. Nf5 Nh7 21. Qg4 Rg8 22. Nd5 Qd8 23. Nd6 Ndf6 24. Nxf7# 1-0